V kristových letech

Korporativní autor: Fešáci (hudební skupina)
Jazyk: Čeština
Vydáno: Praha : Monitor-EMI, p2000
Témata:
Fyzický popis: 1 CD ; 12 cm + 1 brožura [8 s.].
Zvukové nahrávky
Uloženo v:
LEADER 01263njm a2200409 a 4500
001 000552937
003 CZ BrMZK
005 20000105143423.0
008 000105s2000 xr f cze d
028 0 3 |a 7243 5 29892 0 1  |b Monitor-EMI 
040 |a BOA001  |b cze 
080 |a 784.4"2000"(086.7)  |2 MRF 
110 2 |a Fešáci (hudební skupina)  |7 kn20010710194 
245 1 0 |a V kristových letech  |h [zvukový záznam] /  |c Fešáci. 
246 3 3 |a V šedesátým sedmým 
246 3 3 |a Vlaková balada 
246 3 3 |a Zpověď 
246 3 3 |a Dnes už to vím 
246 3 3 |a Hladovej kámen 
246 3 3 |a Kdo ví 
246 3 3 |a Křídla 
246 3 3 |a Malý proužek dýmu 
246 3 3 |a Muzikantský svět 
246 3 3 |a No tak dělej! 
246 3 3 |a Plavá Jane 
246 3 3 |a Poprvé 
246 3 3 |a Třicet tři let 
260 |a Praha :  |b Monitor-EMI,  |c p2000 
300 |a 1 CD ;  |c 12 cm +  |e 1 brožura [8 s.]. 
500 |a Durata neuv 
500 |a Nahr. 2000 
505 2 |a No tak dělej!, Muzikantskej svět, Plavá Jane ... [et al.] 
653 0 |a country hudba 
910 |a BOA001  |b CD-0009.327 
964 |a Hudba country  |z r.2000  |x CD 
990 |a AV 
996 6 |b 261H010003  |c CD-0009.327  |l MZK  |r Sklad / do 24 hodin  |n 0  |p p.v.  |w 000552937  |u 000010  |a 1  |e BOA001  |j MZK50  |s P